000 00534nam a22001937a 4500
005 20260323101903.0
008 260323b |||||||| |||| 00| 0 eng d
020 _a978-0-618-31074-6
050 _aHF 5635 .N 44 2004
100 _aNEEDLES BELVERD E
245 _aFINANCIAL ACCOUNTING
250 _a8
260 _aBOSTON,
_bHOUGHTON MIFFLIN COMPANY,
_c2004,
300 _aXXXii, 780 P, ILL
500 _aINCLUDES BIBLIOGRAPHICAL REFERENCES AND INDEX
650 _aACCOUNTING
700 _aMARIAN POWERS
942 _2lcc
_cBK
999 _c216850
_d216850